000 00632nam a2200229Ia 4500
003 OSt
005 20220923213400.0
006 a|||||r|||| 00| 0
007 ta
008 220922b |||||||| |||| 00| 0 hin d
024 _a161,318
037 _cTextual
040 _aARTS
_cARTS
_bhin
041 _2hin
_ahin
082 _aO152:2M89:16, J6(-);K8(TTPH)
100 _aजयशंकर प्रसाद
245 0 _aकामना
246 _aKāhinā
260 _c1956
942 _hO152:2M89:16, J6(-);K8(TTPH)
_cTEXL
_2CC
999 _c315989
_d315989